Âm nhạc trong Lễ tang cổ truyền của người Khmer ở Sóc Trăng /

में बचाया:
ग्रंथसूची विवरण
मुख्य लेखक: Sơn Ngọc Hoàng.
स्वरूप: लेख
भाषा:Vietnamese
विषय:
टैग : टैग जोड़ें
कोई टैग नहीं, इस रिकॉर्ड को टैग करने वाले पहले व्यक्ति बनें!
Thư viện lưu trữ: Thư viện Trường Đại học Đà Lạt
LEADER 00820nam a2200277 4500
001 DLU180185108
005 ##20180522
040 # # |a DLU  |b vie 
041 # # |a vie 
044 # # |a vn 
100 # # |a Sơn Ngọc Hoàng. 
245 # # |a Âm nhạc trong Lễ tang cổ truyền của người Khmer ở Sóc Trăng /  |c Sơn Ngọc Hoàng. 
653 # # |a Âm nhạc dân gian 
653 # # |a Giá trị văn hóa 
653 # # |a Lễ tang 
653 # # |a Ngưòi Khmer 
773 # # |t Tạp chí Văn hoá dân gian  |g Số 2(164), 2016, tr. 13-25 
920 # # |a Phòng Tạp chí -- Trung tâm Thông tin - Thư viện Trường Đại học Đà Lạt 
994 # # |a DLU 
900 # # |a True 
911 # # |a Trần Thị Minh Hương 
925 # # |a G 
926 # # |a A 
927 # # |a BB 
980 # # |a Thư viện Trường Đại học Đà Lạt